• 首页
  • 本馆介绍
  • 公告通知
  • 最新文献
  • 馆藏检索
  • 电子资源
  • 读者导购
  • 参考咨询
  • 我的图书馆
  • 登录
  • 期刊详细显示
  • 现刊情况显示
  • 合订本情况显示
  • 篇目信息显示

期刊信息

  • 表格格式
  • 工作单格式
  • 卡片格式
索取号 
O17/ANALYSIS
题名 
Analysis
作者 
W.Kratz.W.Luh.A.Peyerimhoff主编
分册号 
分册名 
出版地 
出版者 
标准刊号 
出版频率 
月刊
中图法分类 
O17
主题词 
数学分析
电子资源 
000 00437nas0 2200157 45
001 0756793515
005 20131118104318.84
100    @a20070415d km y0chiy0120 ea
101 0  @aeng
200 1  @aAnalysis@fW.Kratz.W.Luh.A.Peyerimhoff主编@FW.Kratz.W.Luh.A.Peyerimhoff Zhu Bian
326    @a月刊
606 0  @a数学分析
690    @aO17@v4
701  0 @aW.Kratz.W.Luh.A.Peyerimhoff@4主编
801  0 @aCN@bPFT@c20070415
905    @aTJWY@dO17@eANALYSIS
    
    Analysis/W.Kratz.W.Luh.A.Peyerimhoff主编
    
    
    
    
    
●
相关链接: 在易读查询期刊 在中国知网中查询期刊 在万方数据查询期刊 在维普查询期刊
唐山师范学院图书馆 欢迎您!
大连网信软件有限公司© 版权所有